000 00412nam a22001697a 4500
003 NUST - PNEC
005 20170116180852.0
008 150826b xxu||||| |||| 00| 0 eng d
020 _a-
040 _cLIBRARY
082 _a537.5 HEM
100 _95765
_aHemenway Curtis L
245 _aPhysical electronics
_cCurtis L Hemenway
260 _cc.1962
650 _95768
_aelectronics
_xEE, EL
942 _2ddc
_cBK
999 _c64662
_d64662